00466nam a22001457a 4500003000500000038001500005082000800020100001800028245013100046260003700177300001200214500001500226600004700241700003200288NUST aMr. Zahoor a200 aMazhar Hameed aBusiness Intelligence: Self Adapting and prioritizing database algorithm based on contextual shifting of data /cMazhar Hameed aIslamabad :bCEME - NUST,c2016. a94 p. ; aHardcover. xComputer Software Engineering - MS Thesis  4Supervisor: Dr. Saad Rehman